NTT 電話の3桁番号サービス - Statistics

General Stats
  • This quiz has been taken 151 times
  • The average score is 5 of 14
Answer Stats
電話番号 Answer % Correct
110 警察への事件・事故の急報
97%
119 火事・救助・救急車
92%
117 時報
86%
177 天気予報
66%
118 海上の事件・事故の急報
56%
104 番号案内
19%
115 電報のお申込み
18%
171 災害用伝言ダイヤル
15%
189 児童相談所虐待対応ダイヤル
9%
188 消費者ホットライン
8%
113 電話の故障
4%
116 電話の新設・移転・各種ご相談
2%
136 ナンバーお知らせ136
1%
159 空いたらお知らせ159
1%
No matching quizzes found
Score Distribution
Percent of People with Each Score
Percentile by Number Answered
Your Score History
You have not taken this quiz